TOEFT iBT INSIDER / The Super Guide
Brainstorming and note taking
Gardado en:
| Autor Principal: | |
|---|---|
| Outros autores: | |
| Formato: | Luận văn Libro |
| Idioma: | English |
| Publicado: |
TP.HCM,
2008.
|
| Những chủ đề: | |
| Các nhãn: |
Engadir etiqueta
Sen Etiquetas, Sexa o primeiro en etiquetar este rexistro!
|
| Thư viện lưu trữ: | Mạng thư viện Đại học Đà Nẵng |
|---|
| LEADER | 01333nam a22003851a 4500 | ||
|---|---|---|---|
| 001 | 000034029 | ||
| 003 | 10221 | ||
| 005 | 20241004105553.0 | ||
| 008 | 151027s2008 000 eng | ||
| 020 | |a 300000Đ | ||
| 040 | |a LNN | ||
| 041 | |a ENG | ||
| 082 | |a 420.8 |b HO-N | ||
| 100 | |a HOÀI NAM. | ||
| 245 | 0 | |a TOEFT iBT INSIDER / |n The Super Guide |c HOÀI NAM. | |
| 246 | |a Conquer the toefl easily and quickly!! | ||
| 260 | |a TP.HCM, |c 2008. | ||
| 300 | |a 30cm. : |b 813 tr;. | ||
| 502 | |a TOEFT iBT INSIDER | ||
| 505 | |a Conquer the toefl easily and quickly!! | ||
| 520 | |a Brainstorming and note taking |x The basics of sentence structure |y Varying word choice and grammar usage |z Organizing your response... | ||
| 650 | |a TOEFT iBT INSIDER | ||
| 653 | |a TOEFT iBT INSIDER ,Hoai Nam,2008 | ||
| 700 | |a Bien tap: |b Hoai Nam | ||
| 816 | |a Tieng Anh |a Tham khao | ||
| OWN | |a LNN | ||
| AVA | |a UDN50 |b LNN |c English |d 420.8 HO-N |e check_holdings |t Error 5003 Not defined in file expand_doc_bib_avail. |h N |j AN | ||
| 999 | |a From the UDN01 | ||
| AVA | |a UDN50 |b LNN |c English |d 420.8 HO-N |e available |t Error 5001 Not defined in file expand_doc_bib_avail. |f 13 |g 0 |h N |i 0 |j AN | ||
| TYP | |a Dissertation | ||
| TYP | |a Monograph | ||
| 980 | |a Mạng thư viện Đại học Đà Nẵng | ||